Psicología práctica / (Record no. 38650)

MARC details
000 -LEADER
campo de control de longitud fija 00996nam a2200229 i 4500
001 - NÚMERO DE CONTROL
campo de control 38650
003 - IDENTIFICADOR DE NÚMERO DE CONTROL
campo de control ES-MaACL
005 - FECHA Y HORA DE LA ÚLTIMA TRANSACCIÓN
campo de control 20250822041624.0
007 - CAMPO FIJO DE DESCRIPCIÓN FÍSICA--INFORMACIÓN GENERAL
campo de control de longitud fija t|
008 - DATOS DE LONGITUD FIJA--INFORMACIÓN GENERAL
campo de control de longitud fija 030226s1966 sp ||||1| spa d
100 1# - ENTRADA PRINCIPAL--NOMBRE DE PERSONA
Nombre de persona Burtt, Harold E.
9 (RLIN) 32795
245 10 - MENCIÓN DEL TÍTULO
Título Psicología práctica /
Mención de responsabilidad, etc. H.E. Burtt ; [versión española y adaptación de Gonzalo Golzalvo Mainar].
260 ## - PUBLICACIÓN, DISTRIBUCIÓN, ETC.
Lugar de publicación, distribución, etc. Madrid :
Nombre del editor, distribuidor, etc. Morata,
Fecha de publicación, distribución, etc. 1966.
300 ## - DESCRIPCIÓN FÍSICA
Extensión 3 v. :
Otras características físicas lám., il. ;
Dimensiones 22 cm.
490 1# - MENCIÓN DE SERIE
Mención de serie Filosofía, psicología, pedagogía
505 0# - NOTA DE CONTENIDO CON FORMATO
Nota de contenido con formato I. Psicología escolar: orientación vocacional: técnicas y tests (225 p.) - II. Psicología clínica y criminal: personalidad y delincuencia: técnicas y tests (225 p.) - III. Psicología industrial: comercio y publicidad: técnicas y tests (317 p.)
650 07 - PUNTO DE ACCESO ADICIONAL DE MATERIA--TÉRMINO DE MATERIA
Término de materia o nombre geográfico como elemento de entrada Psicología aplicada
Fuente del encabezamiento o término embne
9 (RLIN) 16552
700 1# - ENTRADA AGREGADA--NOMBRE PERSONAL
Nombre de persona Golzalvo Mainar, Gonzalo.
9 (RLIN) 57722
830 10 - PUNTO DE ACCESO ADICIONAL DE SERIE-TÍTULO UNIFORME
Título uniforme Filosofía, psicología, pedagogía
9 (RLIN) 181408
852 ## - LOCALIZACIÓN
Ubicación ES-MaACL
Número de control de estantería E-4155-57
Holdings
Estatus retirado Estado de pérdida Estado de daño No para préstamo Biblioteca de origen Biblioteca actual Ubicación en estantería Fecha de adquisición Fuente de adquisición Total de préstamos Signatura topográfica completa Código de barras Visto por última vez Precio de reemplazo Tipo de ítem Koha
        Biblioteca del Ateneo de Madrid Biblioteca del Ateneo de Madrid Depósito 2 17/01/2008     E-4155-57 1040701 23/02/2023 23/02/2023 Libro impreso